Prywatyzacja w Polsce. Oczekiwania a rzeczywistosc.
Vývoj privatizácie v Poľsku a názorov na ňu. Koncepcie privatizácie. Prvá koncepcia. Dve cesty vlastníckych premien - kapitálová a likvidačná privatizácia. Faktický priebeh privatizácie v poľskej ekonomike. Trh cenných papierov - jeho slabé stránky.
Guardado en:
| Autor principal: | |
|---|---|
| Formato: | Capítulo de libro |
| Lenguaje: | polaco |
| Materias: | |
| Etiquetas: |
Sin Etiquetas, Sea el primero en etiquetar este registro!
|
MARC
| LEADER | 00000naa a2200000 4500 | ||
|---|---|---|---|
| 001 | r008475 | ||
| 005 | 20221125122953.3 | ||
| 041 | 0 | |a pol | |
| 044 | |a PL | ||
| 245 | 1 | 0 | |a Prywatyzacja w Polsce. Oczekiwania a rzeczywistosc. |c M. Bednarski |
| 520 | |a Vývoj privatizácie v Poľsku a názorov na ňu. Koncepcie privatizácie. Prvá koncepcia. Dve cesty vlastníckych premien - kapitálová a likvidačná privatizácia. Faktický priebeh privatizácie v poľskej ekonomike. Trh cenných papierov - jeho slabé stránky. | ||
| 610 | 2 | 0 | |a privatizácia |
| 610 | 2 | 0 | |a PR |
| 610 | 2 | 0 | |a papiere cenné |
| 610 | 2 | 0 | |a trh kapitálový |
| 610 | 2 | 0 | |a koncepcie |
| 100 | 1 | |a Bednarski, M. | |